000
00271 a2200097 4500
020
_a
9789881383426
100
_a
Sendpoints Publishing Co. Ltd.
245
_a
SHOW TIME 2 - The Art of Exhibition: The Art of Exhibition
250
_a
New edition
260
_b
Sendpoints
_c
2014
999
_c
13642
_d
13642